understanding communication systems (Record no. 298200)
[ view plain ]
| 000 -LEADER | |
|---|---|
| fixed length control field | 00278 a2200109 4500 |
| 001 - CONTROL NUMBER | |
| control field | 63127 |
| 082 ## - DEWEY DECIMAL CLASSIFICATION NUMBER | |
| Classification number | 621.382 CAN |
| 090 ## - LOCALLY ASSIGNED LC-TYPE CALL NUMBER (OCLC); LOCAL CALL NUMBER (RLIN) | |
| -- | 37294 |
| -- | 37294 |
| 100 ## - MAIN ENTRY--PERSONAL NAME | |
| Personal name | Cannon, Don L. |
| 245 ## - TITLE STATEMENT | |
| Title | understanding communication systems |
| 260 ## - PUBLICATION, DISTRIBUTION, ETC. | |
| Place of publication, distribution, etc. | Dallas |
| Name of publisher, distributor, etc. | Texas Instruments, Dallas |
| Date of publication, distribution, etc. | 1984 |
| 942 ## - ADDED ENTRY ELEMENTS (KOHA) | |
| Institution code [OBSOLETE] | NUST-CAE |
| Call number prefix | 621.382 CAN |
| Withdrawn status | Lost status | Damaged status | Not for loan | Collection code | Permanent Location | Current Location | Date acquired | Total Checkouts | Full call number | Barcode | Date last seen | Price effective from | Koha item type |
|---|---|---|---|---|---|---|---|---|---|---|---|---|---|
| College of Aeronautical Engineering (CAE) | College of Aeronautical Engineering (CAE) | 04/03/2017 | 621.382 CAN | CAEG-5604 | 04/05/2017 | 04/05/2017 | Book |
